| 000 | 02162nam a22004693i 4500 | ||
|---|---|---|---|
| 001 | 1419188 | ||
| 003 | CZ PrSKC | ||
| 005 | 20260415085821.0 | ||
| 007 | ta | ||
| 008 | 260326s2026 xr ach e 000 0acze d | ||
| 020 | _a9788026770404 | ||
| 040 |
_aCBA001 _bcze _erda |
||
| 072 | 7 |
_a343.9 _xKriminalistika _2Konspekt |
|
| 080 |
_a(0:82-96) _2MRF |
||
| 080 |
_a(437.3) _2MRF |
||
| 080 |
_a343.132:351.74 _2MRF |
||
| 080 |
_a343.3/.7 _2MRF |
||
| 080 |
_a343.611 _2MRF |
||
| 080 |
_a343.9-051 _2MRF |
||
| 080 |
_a(047.53) _2MRF |
||
| 100 | 1 |
_aLottes, Josef, _d1952- _4aut _920622 |
|
| 245 | 1 | 0 |
_aNe každý vrah je zrůda / _cJosef Lottes, Ivo Michalík |
| 250 | _aVydání druhé | ||
| 264 | 1 |
_aPraha : _bXYZ, _c2026 |
|
| 300 |
_a185 stran : _bilustrace, portréty, faksimile ; _c21 cm |
||
| 490 | 1 | _aSkutečné zločiny | |
| 500 | _aObálkový podnázev: slavné případy velitele pražské mordparty | ||
| 520 | 3 |
_aJosef Lottes jméno, které je v podstatě synonymem moderní české kriminalistiky. Někdejší šéf pražské mordparty strávil v aktivní službě neuvěřitelných 44 let. Vedl vyšetřování případu spartakiádního vraha, orlických vražd a vinohradského řezníka. Jeho schopnost vniknout do mysli pachatelů a rozplétat kriminální sítě mu vynesla obdiv kolegů i veřejnosti. S charismatem sobě vlastním vás nyní zavede do zákulisí nejznámějších kriminálních kauz a ukáže vám reálnou podobu vyšetřovacích postupů. _uhttps://www.obalkyknih.cz/view?isbn=9788026770404 |
|
| 600 | 1 | 7 |
_aLottes, Josef, _d1952- _2czenas _920623 |
| 648 | 7 |
_a20.-21. století _2czenas _9117 |
|
| 648 | 7 |
_a20. století _2czenas _9145 |
|
| 650 | 0 | 7 |
_akriminalisté _zČesko _y20.-21. století _2czenas _920624 |
| 650 | 0 | 7 |
_avraždy _zČesko _y20. století _2czenas _919809 |
| 650 | 0 | 7 |
_akriminální případy _zČesko _y20. století _2czenas _95518 |
| 650 | 0 | 7 |
_apolicejní vyšetřování _zČesko _y20. století _2czenas _919812 |
| 655 | 7 |
_arozhovory _9825 |
|
| 655 | 7 |
_aliteratura faktu _9623 |
|
| 700 | 1 |
_aMichalík, Ivo _4aut _920625 |
|
| 710 | 2 |
_aXYZ (nakladatelství) _4pbl _920470 |
|
| 910 | _aABG508 | ||
| 999 |
_c34160 _d34160 |
||